[Event "FIDE Online Olympiad Top Division 2020"]
[Site "Online"]
[Date "2020.08.24"]
[Round "?"]
[White "Schneider, Jana"]
[Black "Mawire, Rumbidzai"]
[Result "1-0"]
[WhiteElo "2199"]
[BlackElo "1280"]
[Annotator "ChessBase"]
[PlyCount "57"]
[EventDate "2020.08.21"]
[TimeControl "900+5"]

1. e4 {[%emt 0:00:04]} c5 {[%emt 0:00:09]} 2. Nf3 {[%emt 0:00:04]} e6 {[%emt 0:00:05]} 3. d4 {[%emt 0:00:02]} cxd4 {[%emt 0:00:21]} 4. Nxd4 {[%emt 0:00:02]} a6 {[%emt 0:00:03]} 5. Bd3 {[%emt 0:00:06]} Qc7 {[%emt 0:00:07]} 6. O-O {[%emt 0:00:18]} Nf6 {[%emt 0:00:08]} 7. Qe2 {[%emt 0:00:08]} d6 {[%emt 0:00:14]} 8. c4 {[%emt 0:00:06]} Be7 {[%emt 0:00:09]} 9. Nc3 {[%emt 0:00:03]} O-O {[%emt 0:00:06]} 10. Bd2 {[%emt 0:00:26]} Nbd7 {[%emt 0:00:06]} 11. b3 {[%emt 0:00:41]} b6 {[%emt 0:00:59]} 12. Rae1 {[%emt 0:00:40]} Bb7 {[%emt 0:00:27]} 13. Kh1 {[%emt 0:00:07]} Nc5 {[%emt 0:01:49]} 14. Bb1 {[%emt 0:00:20]} e5 {[%emt 0:02:22]} 15. Nf5 {[%emt 0:00:15]} Bc8 {[%emt 0:00:27]} 16. Nxe7+ {[%emt 0:00:27]} Qxe7 {[%emt 0:00:10]} 17. Bg5 {[%emt 0:00:04]} Qe6 {[%emt 0:01:15]} 18. Rd1 {[%emt 0:02:05]} Bb7 {[%emt 0:01:19]} 19. Rd2 {[%emt 0:01:06]} Rad8 {[%emt 0:00:46]} 20. Rfd1 {[%emt 0:00:49]} Rd7 {[%emt 0:00:52]} 21. b4 {[%emt 0:00:07]} Ncxe4 {[%emt 0:01:21]} 22. Nxe4 {[%emt 0:00:04]} Ne8 {[%emt 0:00:46]} 23. Be3 {[%emt 0:01:02]} Qg6 {[%emt 0:00:43]} 24. Ng3 {[%emt 0:00:22]} Qe6 {[%emt 0:00:47]} 25. Bf5 {[%emt 0:00:06]} Qe7 {[%emt 0:00:40]} 26. Bxd7 {[%emt 0:00:10]} Qxd7 {[%emt 0:00:06]} 27. f3 {[%emt 0:00:08]} f5 {[%emt 0:00:10]} 28. Bxb6 {[%emt 0:00:06]} Qc6 {[%emt 0:00:34]} 29. c5 {[%emt 0:00:11]} 1-0

[Event "FIDE Online Olympiad Top Division 2020"]
[Site "Online"]
[Date "2020.08.21"]
[Round "?"]
[White "Chimegdee"]
[Black "Schachfine"]
[Result "0-1"]
[WhiteElo "2185"]
[BlackElo "2288"]
[Annotator "RC"]
[PlyCount "112"]
[EventDate "2020.08.21"]
[SourceTitle "playchess.com"]
[Source "ChessBase"]
[SourceQuality "1"]
[TimeControl "900+5"]

1. Nf3 {[%emt 0:00:03]} Nf6 {[%emt 0:00:05]} 2. c4 {[%emt 0:00:03]} e6 {[%emt 0:00:02]} 3. Nc3 {[%emt 0:00:03]} Bb4 {[%emt 0:00:02]} 4. Qc2 {[%emt 0:00:04]} O-O {[%emt 0:00:14]} 5. a3 {[%emt 0:00:15]} Bxc3 {[%emt 0:00:02]} 6. Qxc3 {[%emt 0:00:02]} d6 {[%emt 0:00:07]} 7. e3 {[%emt 0:00:02]} e5 {[%emt 0:00:36]} 8. d3 {[%emt 0:00:36]} Nbd7 {[%emt 0:00:44]} 9. b4 {[%emt 0:00:23]} a5 {[%emt 0:00:12]} 10. Bb2 {[%emt 0:00:28]} Nb6 {[%emt 0:00:10]} 11. Qc2 {[%emt 0:00:28]} Bd7 {[%emt 0:00:05]} 12. b5 {[%emt 0:02:11]} c6 {[%emt 0:01:40]} 13. bxc6 {[%emt 0:01:41]} Bxc6 {[%emt 0:00:14]} 14. Be2 {[%emt 0:00:32]} Na4 {[%emt 0:00:38]} 15. O-O {[%emt 0:00:27]} Nxb2 {[%emt 0:00:47]} 16. Qxb2 {[%emt 0:00:00]} Rb8 {[%emt 0:01:02]} 17. Rfc1 {[%emt 0:01:10]} Nd7 {[%emt 0:01:13]} 18. d4 {[%emt 0:00:51]} Re8 {[%emt 0:02:09]} 19. Qc2 {[%emt 0:01:50]} exd4 {[%emt 0:01:49]} 20. Nxd4 {[%emt 0:00:59]} Be4 {[%emt 0:00:06]} 21. Qd2 {[%emt 0:00:03]} Ne5 {[%emt 0:00:51]} 22. f3 {[%emt 0:00:57]} Bc6 {[%emt 0:00:53]} 23. c5 {[%emt 0:00:04]} d5 {[%emt 0:00:55]} 24. Rab1 {[%emt 0:00:08]} Nd7 {[%emt 0:00:14]} 25. Bb5 {[%emt 0:01:05]} Qc7 {[%emt 0:01:23]} 26. Bd3 {[%emt 0:01:11]} Ne5 {[%emt 0:00:06]} 27. Rb6 {[%emt 0:00:14]} Rbc8 {[%emt 0:00:32]} 28. Bf5 {[%emt 0:00:14]} Rcd8 {[%emt 0:00:04]} 29. Bd3 {[%emt 0:00:23]} g6 {[%emt 0:00:07]} 30. Rcb1 {[%emt 0:00:03]} a4 {[%emt 0:00:11]} 31. Bf1 {[%emt 0:00:14]} Nd7 {[%emt 0:00:07]} 32. Nxc6 {[%emt 0:00:08]} bxc6 {[%emt 0:00:01]} 33. Qd4 {[%emt 0:00:41]} Nxb6 {[%emt 0:00:03]} 34. cxb6 {[%emt 0:00:00]} Qb7 {[%emt 0:00:04]} 35. Qxa4 {[%emt 0:00:02]} Ra8 {[%emt 0:00:02]} 36. Qb3 {[%emt 0:00:02]} c5 {[%emt 0:00:09]} 37. Kf2 {[%emt 0:00:05]} Re6 {[%emt 0:00:05]} 38. a4 {[%emt 0:00:05]} d4 {[%emt 0:00:13]} 39. exd4 {[%emt 0:00:03]} cxd4 {[%emt 0:00:00]} 40. Bc4 {[%emt 0:00:02]} Re3 {[%emt 0:00:05]} 41. Qb5 {[%emt 0:00:08]} Qe7 {[%emt 0:00:06]} 42. b7 {[%emt 0:00:04]} Rb8 {[%emt 0:00:05]} 43. Qc6 {[%emt 0:00:11]} Qh4+ {[%emt 0:00:05]} 44. Kf1 {[%emt 0:00:02]} Qxh2 {[%emt 0:00:05]} 45. Qc8+ {[%emt 0:00:17]} Kg7 {[%emt 0:00:02]} 46. Qd7 {[%emt 0:00:03]} Qh1+ {[%emt 0:00:05]} 47. Kf2 {[%emt 0:00:01]} Qxb1 {[%emt 0:00:09]} 48. Qxf7+ {[%emt 0:00:02]} Kh6 {[%emt 0:00:01]} 49. Qf4+ {[%emt 0:00:01]} g5 {[%emt 0:00:08]} 50. Qf6+ {[%emt 0:00:03]} Qg6 {[%emt 0:00:02]} 51. Qxd4 {[%emt 0:00:03]} Re7 {[%emt 0:00:04]} 52. Bd5 {[%emt 0:00:05]} Rexb7 {[%emt 0:00:11]} 53. Be4 {[%emt 0:00:10]} Rb2+ {[%emt 0:00:04]} 54. Kg3 {[%emt 0:00:02]} Qb6 {[%emt 0:00:10]} 55. Qd7 {[%emt 0:00:20]} Qf2+ {[%emt 0:00:03]} 56. Kg4 {[%emt 0:00:05]} Qxg2+ {[%emt 0:00:02]} 0-1

[Event "FIDE Online Olympiad Top Division 2020"]
[Site "Online"]
[Date "2020.08.24"]
[Round "?"]
[White "Muetsch, Annmarie"]
[Black "Yakubbaeva, Nilufar"]
[Result "0-1"]
[WhiteElo "2170"]
[BlackElo "1950"]
[Annotator "ChessBase"]
[PlyCount "110"]
[EventDate "2020.08.21"]
[TimeControl "900+5"]

1. e4 {[%emt 0:00:01]} c6 {[%emt 0:00:03]} 2. d4 {[%emt 0:00:04]} d5 {[%emt 0:00:01]} 3. Nc3 {[%emt 0:00:02]} dxe4 {[%emt 0:00:03]} 4. Nxe4 {[%emt 0:00:00]} Bf5 {[%emt 0:00:08]} 5. Ng3 {[%emt 0:00:02]} Bg6 {[%emt 0:00:08]} 6. h4 {[%emt 0:00:02]} h6 {[%emt 0:00:04]} 7. Nh3 {[%emt 0:00:02]} e6 {[%emt 0:00:21]} 8. Nf4 {[%emt 0:00:04]} Bh7 {[%emt 0:00:09]} 9. Bc4 {[%emt 0:00:15]} Nf6 {[%emt 0:00:20]} 10. Nfh5 {[%emt 0:00:05]} Nbd7 {[%emt 0:00:11]} 11. Bf4 {[%emt 0:00:19]} Nd5 {[%emt 0:00:20]} 12. Bd2 {[%emt 0:00:19]} Qb6 {[%emt 0:00:52]} 13. Bxd5 {[%emt 0:03:15]} cxd5 {[%emt 0:00:09]} 14. Qg4 {[%emt 0:00:31]} g6 {[%emt 0:00:39]} 15. Nf4 {[%emt 0:00:05]} Qxd4 {[%emt 0:00:25]} 16. Bc3 {[%emt 0:01:53]} Bb4 {[%emt 0:00:28]} 17. Nge2 {[%emt 0:00:10]} Bxc3+ {[%emt 0:00:10]} 18. bxc3 {[%emt 0:00:05]} Qe4 {[%emt 0:00:20]} 19. Qg3 {[%emt 0:02:06]} Rc8 {[%emt 0:01:23]} 20. Rb1 {[%emt 0:00:56]} Nb6 {[%emt 0:00:31]} 21. O-O {[%emt 0:01:32]} O-O {[%emt 0:01:38]} 22. Rfe1 {[%emt 0:00:28]} Qxc2 {[%emt 0:01:02]} 23. Rbc1 {[%emt 0:00:31]} Qxa2 {[%emt 0:00:32]} 24. Nd4 {[%emt 0:00:04]} Qa3 {[%emt 0:01:19]} 25. Ndxe6 {[%emt 0:01:15]} fxe6 {[%emt 0:00:13]} 26. Nxg6 {[%emt 0:00:16]} Rf6 {[%emt 0:00:56]} 27. Ne7+ {[%emt 0:00:33]} Kf7 {[%emt 0:00:15]} 28. Nxc8 {[%emt 0:00:06]} Nxc8 {[%emt 0:00:06]} 29. Ra1 {[%emt 0:00:43]} Qc5 {[%emt 0:00:33]} 30. Ra4 {[%emt 0:00:16]} Nd6 {[%emt 0:00:25]} 31. Rf4 {[%emt 0:00:16]} Nf5 {[%emt 0:00:38]} 32. Qh3 {[%emt 0:00:04]} h5 {[%emt 0:00:20]} 33. Qf3 {[%emt 0:00:08]} Bg6 {[%emt 0:00:08]} 34. Qe2 {[%emt 0:00:14]} Qc7 {[%emt 0:00:20]} 35. Ra4 {[%emt 0:00:09]} a6 {[%emt 0:00:14]} 36. Qd2 {[%emt 0:00:02]} Nd6 {[%emt 0:00:16]} 37. Rf4 {[%emt 0:00:08]} Qe7 {[%emt 0:00:06]} 38. Rxf6+ {[%emt 0:00:14]} Qxf6 {[%emt 0:00:04]} 39. Qe3 {[%emt 0:00:01]} Nc4 {[%emt 0:00:05]} 40. Qc5 {[%emt 0:00:06]} Qxh4 {[%emt 0:00:25]} 41. Qc7+ {[%emt 0:00:08]} Qe7 {[%emt 0:00:05]} 42. Qf4+ {[%emt 0:00:07]} Kg8 {[%emt 0:00:02]} 43. Qh6 {[%emt 0:00:07]} Qf7 {[%emt 0:00:09]} 44. f3 {[%emt 0:00:16]} Qf6 {[%emt 0:00:32]} 45. Rb1 {[%emt 0:00:18]} b6 {[%emt 0:00:05]} 46. Ra1 {[%emt 0:00:05]} a5 {[%emt 0:00:02]} 47. Kf2 {[%emt 0:00:12]} Kf7 {[%emt 0:00:05]} 48. Rc1 {[%emt 0:00:06]} a4 {[%emt 0:00:04]} 49. Kg1 {[%emt 0:00:07]} a3 {[%emt 0:00:03]} 50. g4 {[%emt 0:00:05]} Qe5 {[%emt 0:00:25]} 51. Kg2 {[%emt 0:00:07]} hxg4 {[%emt 0:00:07]} 52. fxg4 {[%emt 0:00:02]} Ne3+ {[%emt 0:00:04]} 53. Kh3 {[%emt 0:00:02]} a2 {[%emt 0:00:17]} 54. Re1 {[%emt 0:00:06]} Qh2+ {[%emt 0:00:06]} 55. Kxh2 {[%emt 0:00:04]} Nxg4+ {[%emt 0:00:01]} 0-1

[Event "FIDE Online Olympiad Top Division 2020"]
[Site "Online"]
[Date "2020.08.24"]
[Round "?"]
[White "Vantika, Agrawal"]
[Black "Schneider, Jana"]
[Result "1-0"]
[WhiteElo "2169"]
[BlackElo "2142"]
[Annotator "ChessBase"]
[PlyCount "109"]
[EventDate "2020.08.21"]
[TimeControl "900+5"]

1. d4 {[%emt 0:00:07]} d5 {[%emt 0:00:04]} 2. c4 {[%emt 0:00:07]} e6 {[%emt 0:00:02]} 3. Nf3 {[%emt 0:00:01]} a6 {[%emt 0:00:03]} 4. Bg5 {[%emt 0:01:11]} Be7 {[%emt 0:01:58]} 5. Bxe7 {[%emt 0:00:18]} Nxe7 {[%emt 0:00:02]} 6. Nbd2 {[%emt 0:00:48]} O-O {[%emt 0:00:33]} 7. g3 {[%emt 0:01:03]} Nd7 {[%emt 0:00:57]} 8. Bg2 {[%emt 0:00:07]} dxc4 {[%emt 0:00:08]} 9. Nxc4 {[%emt 0:00:23]} c5 {[%emt 0:00:11]} 10. O-O {[%emt 0:01:12]} b5 {[%emt 0:00:56]} 11. Nd6 {[%emt 0:00:47]} Rb8 {[%emt 0:00:12]} 12. dxc5 {[%emt 0:02:14]} Nxc5 {[%emt 0:00:05]} 13. Rc1 {[%emt 0:00:24]} Qb6 {[%emt 0:00:14]} 14. Qd4 {[%emt 0:01:40]} Na4 {[%emt 0:00:31]} 15. b3 {[%emt 0:00:32]} Qxd4 {[%emt 0:00:15]} 16. Nxd4 {[%emt 0:00:01]} Nb6 {[%emt 0:00:06]} 17. e4 {[%emt 0:00:58]} Rd8 {[%emt 0:01:03]} 18. e5 {[%emt 0:00:16]} Bd7 {[%emt 0:01:41]} 19. Rc7 {[%emt 0:01:49]} Nbd5 {[%emt 0:00:41]} 20. Ra7 {[%emt 0:00:48]} Ra8 {[%emt 0:00:16]} 21. Rxa8 {[%emt 0:00:33]} Rxa8 {[%emt 0:00:02]} 22. Rc1 {[%emt 0:00:09]} Nc8 {[%emt 0:00:43]} 23. Bxd5 {[%emt 0:00:38]} exd5 {[%emt 0:00:03]} 24. Rc7 {[%emt 0:00:19]} Nxd6 {[%emt 0:00:10]} 25. exd6 {[%emt 0:00:19]} Rd8 {[%emt 0:00:24]} 26. Ra7 {[%emt 0:00:04]} Kf8 {[%emt 0:02:11]} 27. Rxa6 {[%emt 0:00:03]} Rc8 {[%emt 0:00:01]} 28. Ra7 {[%emt 0:00:20]} Ke8 {[%emt 0:00:03]} 29. f3 {[%emt 0:00:03]} f6 {[%emt 0:00:07]} 30. Kf2 {[%emt 0:00:03]} Rc1 {[%emt 0:00:20]} 31. Ra8+ {[%emt 0:00:06]} Bc8 {[%emt 0:00:41]} 32. Nxb5 {[%emt 0:00:05]} Rc2+ {[%emt 0:00:02]} 33. Ke3 {[%emt 0:00:02]} Kd7 {[%emt 0:00:02]} 34. Ra7+ {[%emt 0:00:03]} Kd8 {[%emt 0:00:16]} 35. Rxg7 {[%emt 0:00:03]} Rxh2 {[%emt 0:00:07]} 36. Nd4 {[%emt 0:00:12]} Rxa2 {[%emt 0:00:38]} 37. Nc6+ {[%emt 0:00:06]} Ke8 {[%emt 0:00:01]} 38. d7+ {[%emt 0:00:05]} Bxd7 {[%emt 0:00:04]} 39. Re7+ {[%emt 0:00:03]} Kf8 {[%emt 0:00:02]} 40. Rxd7 {[%emt 0:00:01]} Ra6 {[%emt 0:00:13]} 41. Nd4 {[%emt 0:00:04]} h5 {[%emt 0:00:07]} 42. Rxd5 {[%emt 0:00:01]} Ra1 {[%emt 0:00:09]} 43. Rxh5 {[%emt 0:00:02]} Re1+ {[%emt 0:00:01]} 44. Kd3 {[%emt 0:00:05]} Rd1+ {[%emt 0:00:02]} 45. Kc4 {[%emt 0:00:01]} Rg1 {[%emt 0:00:02]} 46. g4 {[%emt 0:00:02]} Rc1+ {[%emt 0:00:03]} 47. Kd5 {[%emt 0:00:05]} Rc8 {[%emt 0:00:04]} 48. b4 {[%emt 0:00:04]} Kf7 {[%emt 0:00:05]} 49. b5 {[%emt 0:00:06]} Rd8+ {[%emt 0:00:02]} 50. Kc5 {[%emt 0:00:02]} Rc8+ {[%emt 0:00:02]} 51. Nc6 {[%emt 0:00:01]} Ra8 {[%emt 0:00:11]} 52. b6 {[%emt 0:00:03]} Ra1 {[%emt 0:00:04]} 53. b7 {[%emt 0:00:03]} Rc1+ {[%emt 0:00:01]} 54. Kb5 {[%emt 0:00:07]} Rb1+ {[%emt 0:00:16]} 55. Nb4 {[%emt 0:00:02]} 1-0

[Event "FIDE Online Olympiad Top Division 2020"]
[Site "Online"]
[Date "2020.08.22"]
[Round "?"]
[White "Bach, Ngoc Thuy Duong"]
[Black "Muetsch, Annmarie"]
[Result "0-1"]
[WhiteElo "2141"]
[BlackElo "2288"]
[Annotator "TA"]
[PlyCount "112"]
[EventDate "2020.08.21"]
[SourceTitle "playchess.com"]
[Source "ChessBase"]
[SourceQuality "1"]

{[%evp 16,112,41,40,36,39,60,19,24,26,43,42,47,41,47,58,59,63,72,60,140,139,165,164,223,166,164,147,208,202,396,393,390,350,441,410,397,381,475,459,464,433,391,340,325,319,328,318,354,346,422,380,891,714,670,600,725,750,757,750,777,670,663,619,594,547,777,770,869,719,869,864,924,720,733,705,541,427,325,76,82,87,59,0,0,0,0,0,0,0,0,-1379,-1355,-29997,-29998,-29998,-29998,-29998,-29999]} 1. d4 Nf6 2. c4 g6 3. Nc3 Bg7 4. e4 d6 5. Nf3 O-O 6. Be2 Na6 7. O-O e5 8. Re1 c6 9. Be3 Ng4 {E94: King's Indian: Classical: 6 Be2 e5 7 0-0: Various Black 7th moves.} 10. Bg5 Qc7 11. h3 exd4 {The position is equal.} 12. Nxd4 Nf6 {[#]} 13. Qd2 $146 ({Predecessor:} 13. Bf3 Re8 14. Rc1 Nd7 15. Qd2 Qb6 16. Be3 Nac5 17. Qc2 a5 18. Nb3 Qb4 19. Nxc5 Nxc5 {0-1 (76) Buhmann,R (2569)-Kozul,Z (2590) Wolfsberg 2013}) 13... Nc5 14. Bf3 a5 15. Rad1 Be6 16. b3 Rfe8 17. Bf4 Rad8 (17... Nfd7 $14) 18. Nxe6 $16 Nxe6 19. Bxd6 {Strongly threatening e5.} Qb6 (19... Bh6 $142) 20. e5 Nd7 21. Na4 $36 {[%mdl 2048] White is in control.} Qa6 (21... Qa7 $16) 22. Qe3 $18 Ndf8 $2 {[#]} (22... Nef8 23. Qf4 Qa8) 23. c5 Nd7 24. Be2 Qa7 25. f4 Bh6 26. g3 Ndf8 27. Bc4 Ng7 28. Qf3 Nf5 29. Bxf8 Bxf8 30. Qf2 Qb8 31. g4 Ng7 32. Nc3 Ne6 33. Ne4 Qa7 $2 (33... Rxd1 34. Rxd1 Rd8) 34. Bxe6 fxe6 35. Kg2 Kh8 36. Rxd8 Rxd8 {[#]} 37. Qh4 $1 Qb8 38. Qf6+ Bg7 39. Qxe6 Re8 40. Qc4 Rf8 41. Nd6 Qc7 42. Rd1 Qe7 43. e6 h6 44. Nf7+ Kh7 45. Rd7 Qf6 46. e7 Re8 47. Rd8 $2 ({Less strong is} 47. Rxb7 Rxe7 48. Rxe7 Qxe7 $16) (47. Ne5 $18 {is more deadly.} Rxe7 48. Rd6) 47... Qxe7 $16 48. Rxe8 Qxe8 49. Kf3 (49. Kf2 $14) 49... Qe1 $11 50. Nd6 Qd1+ 51. Kg3 Qg1+ 52. Kf3 Qd1+ 53. Kf2 $2 {[%mdl 8192]} (53. Qe2 $11 Qh1+ {[%mdl 64] Double Attack} 54. Qg2) 53... Bd4+ $19 54. Kg2 Qg1+ {Black mates.} 55. Kf3 Qe3+ 56. Kg2 Qf2+ {[%mdl 64] Double Attack. What a bad dream for White. Accuracy: White = 71%, Black = 54%.} 0-1

[Event "FIDE Online Olympiad Top Division 2020"]
[Site "Online"]
[Date "2020.08.22"]
[Round "?"]
[White "RovenVogel17"]
[Black "AmartuvshinGanzorig"]
[Result "1-0"]
[WhiteElo "2113"]
[BlackElo "2280"]
[Annotator "NA RC"]
[PlyCount "121"]
[EventDate "2020.08.21"]
[SourceTitle "playchess.com"]
[Source "ChessBase"]
[SourceQuality "1"]
[TimeControl "900+5"]

1. d4 {[%emt 0:00:06]} Nf6 {[%emt 0:00:04]} 2. Nf3 {[%emt 0:00:09]} g6 {[%emt 0:00:01]} 3. c4 {[%emt 0:00:02]} Bg7 {[%emt 0:00:01]} 4. Nc3 {[%emt 0:00:01]} O-O {[%emt 0:00:01]} 5. e4 {[%emt 0:00:01]} d6 {[%emt 0:00:02]} 6. Be2 {[%emt 0:00:01]} Na6 {[%emt 0:00:02]} 7. O-O {[%emt 0:00:01]} e5 {[%emt 0:00:01]} 8. Be3 {[%emt 0:00:30]} Ng4 {[%emt 0:00:13]} 9. Bg5 {[%emt 0:00:04]} Qe8 {[%emt 0:00:01]} 10. h3 {[%emt 0:01:04]} exd4 {[%emt 0:00:53]} 11. Nd5 {[%emt 0:00:14]} f6 {[%emt 0:00:03]} 12. Bc1 {[%emt 0:02:23]} Ne5 {[%emt 0:00:04]} 13. Nxd4 {[%emt 0:00:06]} c6 {[%emt 0:00:17]} 14. Nc3 {[%emt 0:00:12]} Qf7 {[%emt 0:00:06]} 15. b3 {[%emt 0:00:11]} Nc5 {[%emt 0:01:19]} 16. f4 {[%emt 0:00:20]} Ned7 {[%emt 0:00:29]} 17. b4 {[%emt 0:00:55]} Na6 {[%emt 0:01:14]} 18. a3 {[%emt 0:00:48]} Nb6 {[%emt 0:01:05]} 19. b5 {[%emt 0:03:05]} Nb8 {[%emt 0:00:42]} 20. f5 {[%emt 0:00:40]} Nxc4 {[%emt 0:00:55]} 21. Bf4 {[%emt 0:01:42]} Ne5 {[%emt 0:01:41]} 22. Qc2 {[%emt 0:00:27]} Kh8 {[%emt 0:01:16]} 23. Rad1 {[%emt 0:00:04]} Re8 {[%emt 0:00:24]} 24. Nf3 {[%emt 0:00:23]} g5 {[%emt 0:01:05]} 25. Nxe5 {[%emt 0:00:24]} dxe5 {[%emt 0:00:04]} 26. Be3 {[%emt 0:00:01]} Bf8 {[%emt 0:00:25]} 27. h4 {[%emt 0:00:07]} gxh4 {[%emt 0:00:24]} 28. Rf3 {[%emt 0:00:03]} Nd7 {[%emt 0:00:15]} 29. Rh3 {[%emt 0:00:36]} Bc5 {[%emt 0:00:18]} 30. Qc1 {[%emt 0:00:02]} Qg7 {[%emt 0:00:08]} 31. Bc4 {[%emt 0:00:29]} Bxe3+ {[%emt 0:01:00]} 32. Qxe3 {[%emt 0:00:03]} Nb6 {[%emt 0:00:02]} 33. Bb3 {[%emt 0:00:03]} Bd7 {[%emt 0:00:16]} 34. a4 {[%emt 0:01:22]} cxb5 {[%emt 0:00:20]} 35. axb5 {[%emt 0:00:00]} Rac8 {[%emt 0:00:01]} 36. Rxh4 {[%emt 0:00:13]} Nc4 {[%emt 0:01:00]} 37. Qh3 {[%emt 0:00:01]} a6 {[%emt 0:01:36]} 38. Nd5 {[%emt 0:00:04]} Bxb5 {[%emt 0:00:16]} 39. Rd3 {[%emt 0:00:19]} Rc6 {[%emt 0:00:06]} 40. Rg3 {[%emt 0:00:06]} Qf7 {[%emt 0:00:00]} 41. Rh6 {[%emt 0:00:10]} Rd6 {[%emt 0:00:03]} 42. Qh4 {[%emt 0:00:13]} Rxd5 {[%emt 0:00:11]} 43. Rxf6 {[%emt 0:00:05]} Rd1+ {[%emt 0:00:03]} 44. Bxd1 {[%emt 0:00:03]} Qd7 {[%emt 0:00:03]} 45. Bf3 {[%emt 0:00:06]} Nd2 {[%emt 0:00:01]} 46. Qh6 {[%emt 0:00:07]} Qe7 {[%emt 0:00:08]} 47. Rd6 {[%emt 0:00:20]} Nxf3+ {[%emt 0:00:04]} 48. Rxf3 {[%emt 0:00:06]} Rg8 {[%emt 0:00:02]} 49. Re6 {[%emt 0:00:14]} Qg7 {[%emt 0:00:02]} 50. Qxg7+ {[%emt 0:00:05]} Rxg7 {[%emt 0:00:04]} 51. Rxe5 {[%emt 0:00:02]} Bc6 {[%emt 0:00:01]} 52. f6 {[%emt 0:00:07]} Rf7 {[%emt 0:00:02]} 53. Re6 {[%emt 0:00:02]} Kg8 {[%emt 0:00:01]} 54. Rg3+ {[%emt 0:00:03]} Kf8 {[%emt 0:00:02]} 55. e5 {[%emt 0:00:01]} Rd7 {[%emt 0:00:02]} 56. Rc3 {[%emt 0:00:11]} Kf7 {[%emt 0:00:04]} 57. Rexc6 {[%emt 0:00:06]} bxc6 {[%emt 0:00:02]} 58. Rxc6 {[%emt 0:00:00]} Rd5 {[%emt 0:00:01]} 59. Rc7+ {[%emt 0:00:03]} Kf8 {[%emt 0:00:19]} 60. e6 {[%emt 0:00:01]} Rd1+ {[%emt 0:00:11]} 61. Kh2 {[%emt 0:00:03]} 1-0

[Event "FIDE Online Olympiad Top Division 2020"]
[Site "Online"]
[Date "2020.08.21"]
[Round "?"]
[White "Munkhzul_Davaakhuu"]
[Black "aridannie"]
[Result "1/2-1/2"]
[WhiteElo "1963"]
[BlackElo "2259"]
[Annotator "TA"]
[PlyCount "148"]
[EventDate "2020.08.21"]
[SourceTitle "playchess.com"]
[Source "ChessBase"]
[SourceQuality "1"]

{[%evp 18,148,25,-3,21,15,25,20,96,93,104,95,139,124,175,164,174,171,163,153,193,199,202,185,184,146,152,152,164,164,183,181,218,219,214,49,54,72,108,56,56,56,56,48,64,37,37,32,33,39,45,10,64,56,64,56,64,56,56,56,64,56,56,56,87,87,88,64,64,41,64,0,64,0,41,0,64,64,64,64,64,64,64,56,56,56,64,64,64,31,64,31,64,56,56,56,56,31,64,64,64,31,64,64,64,37,64,64,64,24,31,31,31,31,31,31,31,31,93,93,275,18,18,18,18,18,18,0,18,18,18,0,18]} 1. e4 c5 2. Nf3 Nc6 3. d4 cxd4 4. Nxd4 e5 5. Nb5 d6 6. N1c3 a6 7. Na3 b5 8. Nd5 Nge7 9. c3 Nxd5 10. Qxd5 Qc7 {B32: Sicilian: Löwenthal and Kalashnikov Variations.} (10... Bb7 {seems wilder.} 11. Be2 Qc7 12. Qd3 Rd8 13. Nc2 d5) 11. Nc2 Be6 12. Qd1 {[#]} d5 $146 (12... Be7 $11) ({Predecessor:} 12... g6 13. Ne3 Bg7 14. Be2 O-O 15. O-O Ne7 16. a4 Qc6 17. Bf3 Qb6 18. Nd5 Bxd5 19. exd5 {0-1 (46) Munkhzul,D (1991)-Muetsch,A (2227) Moscow 2019}) 13. exd5 $16 Rd8 14. Ne3 {Strongly threatening Qf3.} Bc5 {[#]} 15. Qf3 $1 Bxe3 (15... e4 $16 16. Qxe4 {[%mdl 64] Pin} Bxe3 17. Bxe3 (17. dxe6 Bxc1 18. Rxc1 Rd6 $16) 17... Rxd5) 16. dxe6 $18 Bxc1 17. exf7+ Kf8 18. Rxc1 e4 19. Qxe4 Qd6 {[%csl Gd8][%cal Rd6d2]} 20. Qe3 Kxf7 21. Be2 Rhe8 22. Qf3+ Kg8 {( -> ...Qd2+!)} 23. O-O Ne5 24. Qg3 Qh6 25. Rcd1 {Rxd8 is the strong threat.} Rd2 26. Bf3 $2 ({Better is} 26. Rfe1 $18 {And now f4 would win.} Rxd1 27. Rxd1) 26... Nxf3+ $14 27. Qxf3 Rxb2 28. Rd7 (28. Rfe1 $16 {[%cal Re1e8]} Rf8 29. Qd5+ Kh8 30. Qf7) 28... Qe6 29. Qb7 Qf6 30. Qd5+ Qe6 31. Qd4 {[%csl Gd7][%cal Rd4g7]} Qe5 32. a4 Qxd4 33. Rxd4 {[%mdl 4096] Endgame KRR-KRR} Rc8 34. axb5 Rxb5 (34... axb5 $11 35. Rb4 Rxb4 36. cxb4 Kf7) 35. Ra4 a5 36. Ra3 Rc4 37. g3 Rbc5 38. Rfa1 Rxc3 39. Rxa5 Rc1+ 40. Kg2 Rxa5 41. Rxa5 {KR-KR} g6 42. Ra7 h5 43. Kh3 Rc4 44. Kg2 (44. Rb7 $14) 44... Rc3 (44... Rc1 $11) 45. Kh3 (45. h3 $14) 45... Rc2 46. Kg2 Rb2 (46... Rc3 $11) 47. Rc7 Ra2 48. Kf3 Ra4 49. Re7 Rb4 50. Re4 Rb3+ 51. Re3 Rb4 52. Re7 Ra4 53. Ke3 Rb4 54. Rd7 Ra4 55. Rd4 Ra3+ 56. Rd3 Ra4 57. Rd7 Rb4 58. Kf3 Ra4 59. Kg2 Ra2 60. h3 Ra4 61. Kf3 Rb4 62. Ra7 Rc4 63. g4 hxg4+ 64. hxg4 Rb4 65. Kg3 Rb2 66. f3 Rb5 67. Kf4 Rc5 {[#]} (67... Kf8 $14) 68. Re7 $1 $16 g5+ $2 (68... Ra5 $16) 69. Kg3 $2 (69. Ke4 $18) 69... Ra5 $11 {The position is equal.} 70. Rb7 Rc5 71. Kf2 Re5 72. Kg3 Ra5 73. Re7 Kf8 74. Rb7 Kg8 {Accuracy: White = 72%, Black = 68%.} 1/2-1/2

[Event "FIDE Online Olympiad Top Division 2020"]
[Site "Online"]
[Date "2020.08.24"]
[Round "?"]
[White "Saydaliev, Saidakbar"]
[Black "Vogel, Roven"]
[Result "1/2-1/2"]
[WhiteElo "1786"]
[BlackElo "2273"]
[Annotator "TA"]
[PlyCount "48"]
[EventDate "2020.08.21"]

{[%evp 12,48,19,10,32,4,13,18,17,14,12,13,22,0,41,33,51,41,35,54,51,0,-4,-5,-9,-6,65,52,70,75,65,32,32,22,37,0,0,-6,38]} 1. e4 e5 2. Nf3 Nc6 3. Bb5 Nf6 4. d3 Bc5 5. c3 O-O 6. O-O d6 7. h3 {Nowadays more popular than 7.Nbd2.} a6 {C65: Ruy Lopez: Berlin Defence (3...Nf6), unusual lines and 4 0-0 Bc5.} 8. Ba4 Ne7 9. d4 Ba7 10. Bc2 Ng6 11. Be3 Re8 12. Nbd2 {[%cal Bb1d2,Bd2f3,Bf3g5][%mdl 32] [#]} Nh5 $146 ({Predecessor:} 12... exd4 13. cxd4 c5 14. dxc5 Bxc5 15. Bxc5 dxc5 16. Nc4 Qxd1 17. Raxd1 Be6 18. Nd6 Re7 {1-0 (68) Bartel,M (2653)-Nabaty,T (2619) Gjakova 2016}) 13. Nxe5 dxe5 14. Qxh5 exd4 15. cxd4 Bxd4 16. Bxd4 (16. Nf3 $1 $14 Bxe3 17. fxe3) 16... Qxd4 $11 {[%mdl 64] [#] Double Attack} 17. Nf3 $1 {[%cal Rf3d4]} Qxb2 18. Bb3 {Hoping for Ng5.} Be6 (18... h6 $1 $11) 19. Ng5 $36 {[%mdl 2048] White has good play.} Nf8 20. Bxe6 fxe6 21. Qf7+ Kh8 22. Qxc7 {Rab1 is the strong threat.} Qf6 23. f4 Re7 24. Qc5 {[#] Strongly threatening e5.} Rd7 {Accuracy: White = 72%, Black = 71%.} 1/2-1/2